从新宿站出发的列车目的地 - Statistics

General Stats
  • This quiz has been taken 7 times
  • The average score is 63 of 86
Answer Stats
Answer % Correct
大宮
100%
川越
100%
大崎
100%
新木場
100%
海老名
100%
千葉
100%
御茶ノ水
100%
三鷹
100%
武蔵小金井
100%
立川
100%
八王子
100%
高尾
100%
大月
100%
甲府
100%
東京
100%
小田原
100%
大崎
100%
海老名
100%
小田原
100%
本八幡
100%
都庁前
100%
荻窪
100%
池袋
86%
赤羽
86%
武蔵浦和
86%
中野
86%
豊田
86%
河口湖
86%
松本
86%
古河
86%
小金井
86%
宇都宮
86%
籠原
86%
高崎
86%
前橋
86%
平塚
86%
国府津
86%
逗子
86%
池袋
86%
品川
86%
高尾山口
86%
光が丘
86%
池袋
86%
方南町
86%
津田沼
71%
西船橋
71%
青梅
71%
竜王
71%
南小谷
71%
大船
71%
本厚木
71%
箱根湯本
71%
片瀬江ノ島
71%
御殿場
71%
調布
71%
京王八王子
71%
橋本
71%
成城学園前
57%
向ケ丘遊園
57%
新百合ヶ丘
57%
相模大野
57%
秦野
57%
唐木田
57%
藤沢
57%
新松田
57%
京王多摩センター
57%
笹塚
57%
茗荷谷
57%
中野坂上
57%
中野富士見町
57%
東武日光
43%
鬼怒川温泉
43%
伊勢原
43%
高幡不動
43%
大島
43%
新宿三丁目
43%
成田空港
29%
経堂
29%
桜上水
29%
つつじヶ丘
29%
岩本町
29%
瑞江
29%
汐留
29%
清澄白河
29%
若葉台
14%
新御徒町
14%
No matching quizzes found
Score Distribution
Percent of People with Each Score
Percentile by Number Answered
Your Score History
You have not taken this quiz